000 003140000a22001450004500
001 005732
003 MACL
040 _aMACL
090 _c17725
_d17724
245 _aRivayat e Islami
_bMansoor Ahmad
260 _aHindustani Kutub Khana Lahore
350 _a0.37
650 _aUrdu Literature
942 _k891
_cBook
999 _c17614
_d17614